000
00342pab a2200145 454500
008
180718b1988 xxu||||| |||| 00| 0 eng d
100
_a
Shafi, Sayed S.
245
_a
Alternative paths to an urban India
260
_c
1988
300
_a
12-14
362
_a
16 Jul.
650
_a
City Planning - India
773
_a
Mainstream
909
_a
5501
999
_c
5501
_d
5501